00944cam a2200205 a 450000100100000000500170001000800410002704000250006808200220009310000270011524500810014226000730022330000210029650400430031765000580036065000610041895201190047995201250059899900150072300000260820200929150225.0750403s1971 mx 000 0 spa  aDO-SdBNPbspacBNPHU aPR861.4409bA277b1 aAgrait, Gustavo.9821813aEl beatus ille en la poesía lírica del Siglo de Oro / :bGustavo Agrait. aMéxico, D. F. :bUniversitaria, Universidad de Puerto Rico,c1971. a212 p. ;c23 cm. a"Bibliografía esencial": p. 149-151. 4aPoesía puertorriqueñaxHistoria y crítica98219 4aLiteratura puertorriqueña.xHistoria y crítica92838 001050718MOaGRbGRcHDd2010-03-23iLF1l0oPR861.4409 A277bp2608-10r2020-06-25w2020-06-25y1ZNo se presta 001150718MOaGRbGRcMId2017-05-22iLF1l0oPR861.4409 A277bp2608-20r2020-06-25te. 2w2020-06-25y1ZNo se presta c2444d2444